| 000 | 00997nam a2200205 a 4500 | ||
|---|---|---|---|
| 001 | 000037484 | ||
| 005 | 20200930080406.0 | ||
| 008 | 120420s1983 000 spa d | ||
| 020 | _a8400054911 | ||
| 040 |
_aDO-SdBNP _bspa _BBNPHU |
||
| 111 | 1 |
_aCongreso Internacional sobre Calderoón y el Teatro Español del Siglo de Oro _d(1981 : 8-13 junio _cMadrid, Spain) _963925 |
|
| 245 | 1 | 0 |
_aCalderón : _bactas del Congreso Internacional sobre Calderón y el Teatro Españool del Siglo de Oro : Madrid, 8-13 de junio de 1981 / _cpublicadas bajo la dirección de Luciano García Lorenzo. |
| 260 |
_aMadrid : _bConsejo Superior de Investivagación Científicas, _c1983. |
||
| 300 |
_av. ; _c25 cm. |
||
| 490 | 1 |
_aAnejos de la revista "Seguismundo" _v6 |
|
| 500 | _aLa biblioteca posee el v. 1 | ||
| 500 | _aIncluye referencias bibliográficas y notas al pie de las páginas | ||
| 710 | 2 |
_aConsejo Superior de Investivagación Científica _963926 |
|
| 830 | 0 |
_aAnejos de la revista "Seguismundo" _v6 _963927 |
|
| 999 |
_c36974 _d36974 |
||